| 000 | 00883nam a2200193Ia 4500 | ||
|---|---|---|---|
| 001 | 4179 | ||
| 003 | GE_BSU | ||
| 008 | 181216s||||||||xx |||||||||||||| ||und|| | ||
| 040 | _cGE_BSU | ||
| 080 | _a628.175(035) | ||
| 245 | _aУкрупненные нормы расхода воды и количества сточных вод на единицу продукции для различных отраслей промышленности. | ||
| 245 | _cРед. изд-ва: Н.А.Халустова, С.И.Перглер. | ||
| 260 | _aМ. | ||
| 260 | _bСтройиздат. | ||
| 260 | _c1973. | ||
| 300 | _a367 стр. 27 см. | ||
| 653 | _aУкрупненные нормы расхода воды и количества сточных вод на единицу продукции для различных отраслей промышленности. | ||
| 942 | _cBK | ||
| 999 |
_c38189 _d38189 |
||